League of Legends (LoL) - First Stand Champions - Statistics

General Stats
  • This quiz has been taken 28 times
  • The average score is 11 of 12
Answer Stats
Answer % Correct
Bilibili Gaming
100%
Bin
96%
Hanwha Life
96%
Knight
96%
Viper
96%
Viper
96%
Zeus
96%
Delight
92%
Peanut
92%
Zeka
92%
ON
88%
Xun
88%
No matching quizzes found
Score Distribution
Percent of People with Each Score
Percentile by Number Answered
Your Score History
You have not taken this quiz